00390nam a22001577a 4500003000400000008004100004020001800045082001600063100002200079245003100101260003700132300001100169650001800180700001700198700001700215OSt250411b |||||||| |||| 00| 0 eng d a9789391208837 a615.321 DOT aDohare, Sneh lata aText Book of Pharmacognosy aN.DelhibIP Innvative Pub.c2023 axi,145 aPharmacognosy aMathur, Riya aUddin, Rehan